Buď svou značkou Personal Branding, který ti sed(k)ne

Uložené v:
Podrobná bibliografia
Hlavný autor: Toholová, Káťa
Ďalší autori: Vydržel, Michal
Médium: Kniha
Jazyk:Czech
Vydavateľské údaje: Praha Management Press 2022
Vydanie:1. vydání
Predmet:
Tagy: Pridať tag
Žiadne tagy, Buďte prvý, kto otaguje tento záznam!

MARC

LEADER 00000nam a2200000 4500
001 0307930
005 20250619091848.2
020 |a 978-80-7261-591-9 
041 0 |a cze 
044 |a CZ 
245 1 0 |a Buď svou značkou  |b Personal Branding, který ti sed(k)ne  |c Káťa Toholová, Michal Vydržel 
250 |a 1. vydání 
264 1 |a Praha  |b Management Press  |c 2022 
300 |a 165 s. 
610 2 0 |a marketing 
610 2 0 |a budovanie značky 
610 2 0 |a sebapoznanie 
610 2 0 |a sebadôvera 
610 2 0 |a sebahodnotenie 
610 2 0 |a sebarealizácia 
610 2 0 |a sebariadenie 
100 1 |a Toholová, Káťa 
700 1 |a Vydržel, Michal